000
00479nam a2200181Ia 4500
008
090123s9999 xx 000 0 und d
082
_b
668
100
_a
गोखले अरविंद
245
_a
वेगळी
250
_a
1
260
_b
टेकाडे मं.
300
_a
152
600
_a
गोखले अरविंद
630
_a
वेगळी
700
_a
गोखले अरविंद
730
_a
वेगळी
942
_c
BOOK
999
_c
38755
_d
38755